<?xml version="1.0" encoding="UTF-8"?><?xml-stylesheet type="text/xsl" href="static/style.xsl"?><OAI-PMH xmlns="http://www.openarchives.org/OAI/2.0/" xmlns:xsi="http://www.w3.org/2001/XMLSchema-instance" xsi:schemaLocation="http://www.openarchives.org/OAI/2.0/ http://www.openarchives.org/OAI/2.0/OAI-PMH.xsd"><responseDate>2026-04-14T03:13:12Z</responseDate><request verb="GetRecord" identifier="oai:www.recercat.cat:2445/160272" metadataPrefix="marc">https://recercat.cat/oai/request</request><GetRecord><record><header><identifier>oai:recercat.cat:2445/160272</identifier><datestamp>2025-12-05T17:11:16Z</datestamp><setSpec>com_2072_1057</setSpec><setSpec>col_2072_478804</setSpec><setSpec>col_2072_478917</setSpec></header><metadata><record xmlns="http://www.loc.gov/MARC21/slim" xmlns:dcterms="http://purl.org/dc/terms/" xmlns:xsi="http://www.w3.org/2001/XMLSchema-instance" xmlns:doc="http://www.lyncode.com/xoai" xsi:schemaLocation="http://www.loc.gov/MARC21/slim http://www.loc.gov/standards/marcxml/schema/MARC21slim.xsd">
   <leader>00925njm 22002777a 4500</leader>
   <datafield ind2=" " ind1=" " tag="042">
      <subfield code="a">dc</subfield>
   </datafield>
   <datafield ind2=" " ind1=" " tag="720">
      <subfield code="a">Subiela Blanco, Guillem Bonaventura</subfield>
      <subfield code="e">author</subfield>
   </datafield>
   <datafield ind2=" " ind1=" " tag="720">
      <subfield code="a">Guinau Sellés, Marta</subfield>
      <subfield code="e">author</subfield>
   </datafield>
   <datafield ind2=" " ind1=" " tag="720">
      <subfield code="a">Galve, J.P.</subfield>
      <subfield code="e">author</subfield>
   </datafield>
   <datafield ind2=" " ind1=" " tag="260">
      <subfield code="c">2020-05-14T16:02:42Z</subfield>
   </datafield>
   <datafield ind2=" " ind1=" " tag="260">
      <subfield code="c">2020-05-14T16:02:42Z</subfield>
   </datafield>
   <datafield ind2=" " ind1=" " tag="260">
      <subfield code="c">2019-09-30</subfield>
   </datafield>
   <datafield ind2=" " ind1=" " tag="260">
      <subfield code="c">2020-05-14T16:02:42Z</subfield>
   </datafield>
   <datafield ind2=" " ind1=" " tag="520">
      <subfield code="a">Los índices geomorfológicos, como el índice del gradiente del perfil longitudinal de los ríos (Stream LengthGradient index, SL) han demostrado ser buenos identificadores de anomalías en los perfiles longitudinales de los ríos. Generalmente, los factores más comunes que producen estas anomalías (knickpoints) son principalmente cambios litológicos, estructuras tectónicas activas y grandes movimientos de ladera. Este estudio se propone detectar zonas de la red de drenaje afectadas por movimientos en masa utilizando el índice SL en las cuencas de La Vall d'Àssua, Romadriu y La Vall de Tor (Pirineos Centrales). La metodología utilizada consiste en calcular el índice SL utilizando la herramienta Chi-Map y, después, se han aplicado las herramientas Análisis de Puntos Calientes (Hotspot and Cluster Analysis, HCA) y Densidad de Kernel (Kernel Density, KD) de ArcGIS® para proporcionar una mejor visualización y localización de los valores anómalos del índice SL. Las anomalías de SL han sido comparadas con el inventario de inestabilidades de ladera existente en la cuenca de La Vall d'Àssua. Los resultados obtenidos de este análisis indican que hay una buena correlación entre anomalías de SL y los movimientos en masa. Además, este índice geomorfológico ha ayudado en la identificación de 13 nuevas inestabilidades de ladera en el conjunto de las tres cuencas analizadas. En conclusión, el estudio realizado ha permitido comprobar la utilidad del índice SL para detectar aquellos puntos de la red de drenaje que están afectados por movimientos en masa.</subfield>
   </datafield>
   <datafield tag="653" ind2=" " ind1=" ">
      <subfield code="a">Esllavissades</subfield>
   </datafield>
   <datafield tag="653" ind2=" " ind1=" ">
      <subfield code="a">Drenatge</subfield>
   </datafield>
   <datafield tag="653" ind2=" " ind1=" ">
      <subfield code="a">Landslides</subfield>
   </datafield>
   <datafield tag="653" ind2=" " ind1=" ">
      <subfield code="a">Drainage</subfield>
   </datafield>
   <datafield ind2="0" ind1="0" tag="245">
      <subfield code="a">Idoneidad del índice SL para la identificación semi-automática de movimientos en masa que afectan a la red de drenaje.</subfield>
   </datafield>
</record></metadata></record></GetRecord></OAI-PMH>